The National Geographic Desk Reference (Record no. 604258)

MARC details
000 -LEADER
fixed length control field 00463nam a2200157Ia 4500
008 - FIXED-LENGTH DATA ELEMENTS--GENERAL INFORMATION
fixed length control field 100415s9999 xx 000 0 und d
082 ## - DEWEY DECIMAL CLASSIFICATION NUMBER
Item number 21376
Classification number 910
100 ## - MAIN ENTRY--PERSONAL NAME
Personal name NATIONAL GEOGRAPHIC
245 ## - TITLE STATEMENT
Title The National Geographic Desk Reference
260 ## - PUBLICATION, DISTRIBUTION, ETC. (IMPRINT)
Place of publication, distribution, etc WASHINGTON
Date of publication, distribution, etc 1999
Name of publisher, distributor, etc NATIONAL GEOGRAPHIC
365 ## - TRADE PRICE
Price amount 1800
530 ## - ADDITIONAL PHYSICAL FORM AVAILABLE NOTE
Availability source Donated Copy
630 ## - SUBJECT ADDED ENTRY--UNIFORM TITLE
Uniform title The National Geographic Desk Reference
730 ## - ADDED ENTRY--UNIFORM TITLE
Uniform title The National Geographic Desk Reference
942 ## - ADDED ENTRY ELEMENTS (KOHA)
Koha item type Book
Holdings
Withdrawn status Lost status Damaged status Not for loan Home library Current library Date acquired Cost, normal purchase price Total Checkouts Full call number Barcode Date last seen Price effective from Koha item type
        Bombay Natural History Society Bombay Natural History Society 04/12/2005 1800.00   910 21376 BNHS-21376 04/15/2010 04/15/2010 Book